000 00540nam a22001817a 4500
003 OSt
005 20151028160600.0
008 130621t xxu||||| |||| 00| 0 eng d
020 _a9787561916513
050 _aPL 1129
_b.Y19 2007
082 _aIB 495.18
_bY2 2006
245 _aEasy steps to chinese workbook 1 :
_bsimplified characters version /
_cYamin Ma and Xinying Li.
260 _aChina :
_bBeijing Language & Culture University,
_cc2006.
300 _a180 p. :
_c28 cm.
562 _e1
942 _2lcc
_cBK
999 _c2975
_d2975